<?xml version="1.0" encoding="UTF-8"?>
<record
    xmlns:xsi="http://www.w3.org/2001/XMLSchema-instance"
    xsi:schemaLocation="http://www.loc.gov/MARC21/slim http://www.loc.gov/standards/marcxml/schema/MARC21slim.xsd"
    xmlns="http://www.loc.gov/MARC21/slim">

  <leader>01218    a2200205   4500</leader>
  <controlfield tag="003">Nust</controlfield>
  <controlfield tag="005">20221028122530.0</controlfield>
  <datafield tag="020" ind1=" " ind2=" ">
    <subfield code="a">0-387-53455-5 (New York) (Pp.)</subfield>
  </datafield>
  <datafield tag="020" ind1=" " ind2=" ">
    <subfield code="a">3-540-53455-5 (Berlin) (Pp.) ;</subfield>
  </datafield>
  <datafield tag="040" ind1=" " ind2=" ">
    <subfield code="c">Nust</subfield>
  </datafield>
  <datafield tag="082" ind1=" " ind2=" ">
    <subfield code="a">006.6,GAR</subfield>
  </datafield>
  <datafield tag="245" ind1="1" ind2="0">
    <subfield code="a">Advances in computer graphics.</subfield>
    <subfield code="p">MCS6,</subfield>
    <subfield code="p">MCSImages: synthesis, analysis, and interaction / </subfield>
    <subfield code="c">G. Garcia ; I. Herman (eds.)</subfield>
  </datafield>
  <datafield tag="260" ind1=" " ind2=" ">
    <subfield code="a">Berlin ;</subfield>
    <subfield code="a">New York :</subfield>
    <subfield code="b">Springer-Vlg,</subfield>
    <subfield code="c">cop. 1991</subfield>
  </datafield>
  <datafield tag="300" ind1=" " ind2=" ">
    <subfield code="a">vii, 448 p :</subfield>
    <subfield code="b">ill. (vissa i f&#xFFFD;rg), diagr.</subfield>
  </datafield>
  <datafield tag="505" ind1=" " ind2=" ">
    <subfield code="a">Design and Display of Solid Models (Page-1), State of the Art in Image Synthesis (Page-59), Parallel Computing  for  Graphics (Page-113), Computer Vision (Page-141), 3D Volume Visualization (Page-175), Introduction to Digital Image Processing (Page-205), X and PEX Programming (Page-269), Image Processing by the Human Visual System (Page-309), Intelligent CAD Systems (Page-343), Image Reconstruction for Medical Applications (Page-389), Direct Manipulation Techniques for the Human-Computer Interface (Page-421).</subfield>
  </datafield>
  <datafield tag="700" ind1="1" ind2=" ">
    <subfield code="a">Garcia, G&#xFFFD;rald</subfield>
    <subfield code="4">edt</subfield>
    <subfield code="9">101619</subfield>
  </datafield>
  <datafield tag="700" ind1="1" ind2=" ">
    <subfield code="a">Herman, Ivan</subfield>
    <subfield code="4">edt</subfield>
    <subfield code="9">101620</subfield>
  </datafield>
  <datafield tag="740" ind1="0" ind2=" ">
    <subfield code="a">Images: synthesis, analysis, and interaction</subfield>
  </datafield>
  <datafield tag="942" ind1=" " ind2=" ">
    <subfield code="2">ddc</subfield>
    <subfield code="c">BK</subfield>
    <subfield code="k">006.6,GAR</subfield>
  </datafield>
  <datafield tag="999" ind1=" " ind2=" ">
    <subfield code="c">193386</subfield>
    <subfield code="d">193386</subfield>
  </datafield>
  <datafield tag="952" ind1=" " ind2=" ">
    <subfield code="0">0</subfield>
    <subfield code="1">0</subfield>
    <subfield code="2">ddc</subfield>
    <subfield code="4">0</subfield>
    <subfield code="7">0</subfield>
    <subfield code="a">MCS</subfield>
    <subfield code="b">MCS</subfield>
    <subfield code="c">GEN</subfield>
    <subfield code="d">2016-12-12</subfield>
    <subfield code="o">006.6,GAR</subfield>
    <subfield code="p">MCS1089</subfield>
    <subfield code="r">2016-12-08</subfield>
    <subfield code="w">2016-12-12</subfield>
    <subfield code="y">BK</subfield>
    <subfield code="z">Almirah No.7, Shelf No.4</subfield>
  </datafield>
</record>
